ARRUPE JESUIT UNIVERSITY

CORONAVIRUS -STOP THE SPREAD - CLEAN,DISINFECT,COVER

Rock paintings from Zimbabwe: (Record no. 7533)

MARC details
000 -LEADER
fixed length control field 00574nam a2200193Ia 4500
003 - CONTROL NUMBER IDENTIFIER
control field 0100
005 - DATE AND TIME OF LATEST TRANSACTION
control field 20180103154233.0
008 - FIXED-LENGTH DATA ELEMENTS--GENERAL INFORMATION
fixed length control field 130303s9999 xx 000 0 und d
020 ## - INTERNATIONAL STANDARD BOOK NUMBER
International Standard Book Number 3515039309
040 ## - CATALOGING SOURCE
Transcribing agency ARRUPELIB
050 ## - LIBRARY OF CONGRESS CALL NUMBER
Classification number GN865.Z55R631983
245 ## - TITLE STATEMENT
Title Rock paintings from Zimbabwe:
Remainder of title collections of the Frobenius-Institut
260 ## - PUBLICATION, DISTRIBUTION, ETC. (IMPRINT)
Place of publication, distribution, etc Wiesbaden
Name of publisher, distributor, etc Steiner
Date of publication, distribution, etc 1983
300 ## - PHYSICAL DESCRIPTION
Extent 67p. 24cm
650 ## - SUBJECT ADDED ENTRY--TOPICAL TERM
Topical term or geographic name as entry element Rock paintings
General subdivision Exhibitions
Geographic subdivision Zimbabwe
9 (RLIN) 38262
650 ## - SUBJECT ADDED ENTRY--TOPICAL TERM
Topical term or geographic name as entry element Antiquities, Prehistoric
General subdivision Exhibitions
Geographic subdivision Zimbabwe
9 (RLIN) 38263
700 ## - ADDED ENTRY--PERSONAL NAME
Personal name edited by Karl Heinz Striedter
9 (RLIN) 8331
942 ## - ADDED ENTRY ELEMENTS (KOHA)
Source of classification or shelving scheme Library of Congress Classification
Koha item type Monograph ( Printed materials)
Holdings
Withdrawn status Lost status Source of classification or shelving scheme Damaged status Not for loan Collection code Home library Current library Shelving location Date acquired Total Checkouts Full call number Barcode Date last seen Copy number Price effective from Koha item type
    Library of Congress Classification     Main Collection ARRUPE LIBRARY ARRUPE LIBRARY Main Collection 04/03/2013   GN865.Z55 R63 1983 46003044910 09/04/2018 1 04/03/2013 Monograph ( Printed materials)
    Library of Congress Classification     SPECIAL Collection ARRUPE LIBRARY ARRUPE LIBRARY REFERENCE 19/03/2015   SPC GN865.Z55 R63 1983 46500000888 19/03/2015 2 19/03/2015 SPC
    Library of Congress Classification     SPECIAL Collection ARRUPE LIBRARY ARRUPE LIBRARY REFERENCE 08/01/2019   GN865.Z55 R63 1983 46600002757 08/01/2019   08/01/2019 SPC

 

Arrupe Library. PO Box MP320 Mt Pleasant, Harare, Zimbabwe
263 242 745411|librarian@aju.ac.zw